| 000 | 00617nam a22001937a 4500 | ||
|---|---|---|---|
| 003 | CEME | ||
| 005 | 20210628204124.0 | ||
| 008 | 210115b xxu||||| |||| 00| 0 eng d | ||
| 020 | _a9781259029493 | ||
| 040 | _c. | ||
| 082 | _a005.8 MAI | ||
| 100 |
_aMaiwald, Eric _968843 |
||
| 245 | _aNetwork security:a beginner's guide | ||
| 250 | _a3RD | ||
| 260 |
_aINDIA _bTATA MCGRAW HILL _c2013 |
||
| 300 | _aXXII, 311P | ||
| 650 |
_aNETWORK SECURITY:A BEGINNER'S GUIDE. NETWORK SECURITY:INFORMATION SECURITY BASICS.HACKER TECHNIQUES.INFORMATION SECURITY SERVICES.NETWORK SECURITY TECHNOLOGY _968844 |
||
| 942 |
_cBK _2ddc |
||
| 999 |
_c576301 _d576301 |
||